[Event "Coupe Loubatiere 2012"]
[Site "Aurec"]
[Date "2012.11.25"]
[Round "3.1"]
[White "Djouder, Larbi"]
[Black "Boeuf, Jeremy"]
[Result "0-1"]
[WhiteElo "1686"]
[BlackElo "1601"]
[PlyCount "90"]
[EventDate "2012.??.??"]

1. e4 d5 2. exd5 Qxd5 3. Nc3 Qa5 4. d4 c6 5. Nf3 Bf5 6. Be2 Nd7 7. Bd2 Qc7 8.
O-O Ngf6 9. Re1 e6 10. Nh4 Bg6 11. h3 Be7 12. Nf3 h6 13. Ne5 Nxe5 14. dxe5 Nd7
15. f4 O-O-O 16. b4 Qb6+ 17. Kh1 Bh4 18. Rf1 Qxb4 19. Nb5 Qa4 20. Nd6+ Kb8 21.
Qb1 Nb6 22. Bd3 Bxd3 23. cxd3 Rd7 24. a3 f6 25. Be3 fxe5 26. fxe5 Nd5 27. Bd2
Bg3 28. Qb2 Qa6 29. Rf3 Bh4 30. Raf1 Rhd8 31. Ne4 Qb6 32. Qc1 Be7 33. Qe1 Qa6
34. d4 Nc7 35. Bb4 Bxb4 36. axb4 Rxd4 37. Nc5 Qb5 38. Rf8 b6 39. Qf2 bxc5 40.
bxc5 Qc4 41. Rb1+ Nb5 42. Rxd8+ Rxd8 43. Qf7 Qxc5 44. Qxe6 Qd5 45. Qe7 Rd7 0-1

[Event "Coupe Loubatiere 2012"]
[Site "Aurec"]
[Date "2012.11.25"]
[Round "3.2"]
[White "Piper, Stephane"]
[Black "Desassis, Jean-Francois"]
[Result "1/2-1/2"]
[WhiteElo "1636"]
[BlackElo "1600"]
[PlyCount "95"]
[EventDate "2012.??.??"]

1. c4 Nf6 2. Nc3 g6 3. d4 Bg7 4. Nf3 d5 5. c5 c6 6. Bf4 b6 7. b4 O-O 8. e3 bxc5
9. bxc5 Qa5 10. Qb3 Nbd7 11. Bd3 Nh5 12. O-O Nxf4 13. exf4 Rb8 14. Qc2 Ba6 15.
Bxa6 Qxa6 16. Rab1 Qc4 17. Qd2 Nxc5 18. Ne5 Bxe5 19. fxe5 Qd3 20. Qxd3 Nxd3 21.
Rfd1 Nf4 22. g3 Ne6 23. f4 Rxb1 24. Rxb1 Nxd4 25. Rb7 e6 26. Rxa7 Rb8 27. Kf2
Rb2+ 28. Ke3 Nc2+ 29. Kd3 Nb4+ 30. Kd4 Rxh2 31. a4 Rc2 32. a5 Rd2+ 33. Kc5 Nd3+
34. Kd6 d4 35. Ne4 Ra2 36. a6 Nb4 37. Ra8+ Kg7 38. a7 d3 39. Rb8 Rxa7 40. Rxb4
Ra2 41. Rd4 Rc2 42. Rxd3 h5 43. Nc5 f5 44. Nxe6+ Kf7 45. Ng5+ Kg7 46. e6 Kf8
47. Kd7 Re2 48. Ra3 1/2-1/2

[Event "Coupe Loubatiere 2012"]
[Site "Aurec"]
[Date "2012.11.25"]
[Round "3.3"]
[White "Mialon, Franck"]
[Black "Acikgoz, Tuncay"]
[Result "0-1"]
[WhiteElo "1390"]
[BlackElo "1420"]
[PlyCount "62"]
[EventDate "2012.??.??"]

1. e4 d5 2. exd5 Qxd5 3. Nc3 Qd8 4. Bc4 Nf6 5. Nf3 Bg4 6. O-O e6 7. h3 Bh5 8.
Be2 Bd6 9. d4 Nbd7 10. Bg5 Qe7 11. Re1 O-O-O 12. Qd3 h6 13. Be3 Nc5 14. Qb5
Ncd7 15. Qa4 Kb8 16. d5 Nb6 17. Bxb6 cxb6 18. dxe6 fxe6 19. Nb5 a6 20. Nc3 b5
21. Bxb5 axb5 22. Nxb5 b6 23. Nfd4 Be8 24. Qa6 Bc5 25. Rxe6 Qb7 26. Qxb7+ Kxb7
27. c3 Bxb5 28. Nxb5 Rd2 29. Nd4 Bxd4 30. cxd4 Re8 31. Rd6 Kc7 0-1

[Event "Coupe Loubatiere 2012"]
[Site "Aurec"]
[Date "2012.11.25"]
[Round "3.4"]
[White "Boeuf, Jean-Julien"]
[Black "Coulomb, Marc"]
[Result "0-1"]
[WhiteElo "1560"]
[BlackElo "1300"]
[PlyCount "109"]
[EventDate "2012.??.??"]

1. Nf3 Nf6 2. c4 Nc6 3. g3 e5 4. d3 d5 5. b3 h6 6. Bg2 Bc5 7. O-O O-O 8. Bb2 d4
9. a3 a5 10. Re1 Re8 11. Nbd2 e4 12. dxe4 Nxe4 13. Nxe4 Rxe4 14. Nxd4 Bxd4 15.
Bxe4 Bxb2 16. Ra2 Bc3 17. Qxd8+ Nxd8 18. Rd1 Ne6 19. Rd3 Bf6 20. Rad2 g6 21.
Rc2 Nc5 22. Re3 Nxe4 23. Rxe4 Bf5 24. Rf4 Bg5 25. Rxf5 gxf5 26. Rc3 Kg7 27. Rd3
Rd8 28. Rc3 c6 29. f4 Bf6 30. Rc2 h5 31. Kg2 h4 32. b4 axb4 33. axb4 Kg6 34. b5
cxb5 35. cxb5 Rd5 36. b6 Rb5 37. gxh4 Bxh4 38. Kf3 Rxb6 39. Rd2 Bf6 40. Rd1
Rb3+ 41. Kg2 Rb2 42. Kf3 b5 43. Rg1+ Kh7 44. Rg3 Rb3+ 45. e3 Bd4 46. Rh3+ Kg6
47. Rg3+ Kf6 48. Ke2 Bb6 49. Rh3 Ke6 50. Rh6+ f6 51. Rh8 b4 52. h4 Kf7 53. Rh7+
Kg6 54. Rb7 Bxe3 55. Kf3 0-1

[Event "Coupe Loubatiere 2012"]
[Site "Aurec"]
[Date "2012.11.25"]
[Round "3.1"]
[White "Rann, Raphael"]
[Black "Doran, Niall"]
[Result "0-1"]
[WhiteElo "1660"]
[BlackElo "1692"]
[PlyCount "78"]
[EventDate "2012.??.??"]

1. e4 e6 2. d4 d5 3. Nc3 Bb4 4. exd5 exd5 5. Bd3 Ne7 6. Bg5 f6 7. Bh4 O-O 8.
Qh5 g6 9. Qf3 Nf5 10. Bg3 Nxd4 11. Qf4 Re8+ 12. Nge2 Nxe2 13. Bxe2 Bxc3+ 14.
bxc3 Qe7 15. Qd2 Kg7 16. Kf1 Bf5 17. Re1 c6 18. h4 Nd7 19. f4 Nc5 20. h5 Ne4
21. Qd3 Nf2 22. hxg6 Nxh1 23. Qf3 Nxg3+ 24. Qxg3 hxg6 25. Qf3 Qd7 26. Qg3 Re4
27. Rb1 Rxe2 28. Kxe2 Re8+ 29. Kf2 Qe7 30. Qh4 Qe3+ 31. Kf1 b6 32. a4 Rh8 33.
Re1 Rxh4 34. Rxe3 Rxf4+ 35. Ke2 Bxc2 36. g3 Rf5 37. c4 Re5 38. cxd5 cxd5 39.
Kd2 Rxe3 0-1

[Event "Coupe Loubatiere 2012"]
[Site "Aurec"]
[Date "2012.11.25"]
[Round "3.2"]
[White "Pogosian, Gor"]
[Black "Buisson, Sebastien"]
[Result "0-1"]
[WhiteElo "1170"]
[BlackElo "1530"]
[PlyCount "32"]
[EventDate "2012.??.??"]

1. e4 c5 2. d4 cxd4 3. Qxd4 Nc6 4. Qd1 Nf6 5. Nc3 g6 6. Bb5 Qa5 7. Bg5 Nxe4 8.
Bxc6 bxc6 9. Bd2 Nxd2 10. Qxd2 Bg7 11. O-O-O O-O 12. Nf3 d6 13. Rde1 Be6 14. a3
Rab8 15. b4 Qxa3+ 16. Kb1 Rxb4# 0-1

[Event "Coupe Loubatiere 2012"]
[Site "Aurec"]
[Date "2012.11.25"]
[Round "3.3"]
[White "Pradel, Philippe"]
[Black "Lempereur, Theo"]
[Result "1-0"]
[WhiteElo "1590"]
[BlackElo "1250"]
[PlyCount "71"]
[EventDate "2012.??.??"]

1. d4 d5 2. Bg5 Nc6 3. Nf3 Qd6 4. c3 f6 5. Bh4 e5 6. Bg3 Bg4 7. Nbd2 Nge7 8. h3
Bxf3 9. Nxf3 O-O-O 10. e3 Qe6 11. Be2 e4 12. Nd2 f5 13. Nb3 Ng6 14. O-O Be7 15.
Rc1 Bh4 16. Nc5 Qf6 17. Qb3 Na5 18. Qa4 b6 19. Ba6+ Kb8 20. Nd7+ Rxd7 21. Qxd7
Rd8 22. Bxc7+ Ka8 23. Bxd8 Qxd8 24. Qxf5 Qd6 25. c4 Ne7 26. Qf8+ Qb8 27. Qxb8+
Kxb8 28. cxd5 Nb7 29. d6 Nxd6 30. g3 Bf6 31. Rc2 g5 32. g4 h6 33. Rfc1 b5 34.
Rc7 b4 35. Rd7 b3 36. Rd8+ 1-0

[Event "Coupe Loubatiere 2012"]
[Site "Aurec"]
[Date "2012.11.25"]
[Round "3.4"]
[White "Poyet, Louis"]
[Black "Fournier, Gerald"]
[Result "0-1"]
[WhiteElo "1140"]
[BlackElo "1499"]
[PlyCount "80"]
[EventDate "2012.??.??"]

1. e4 c5 2. c3 d5 3. f3 dxe4 4. fxe4 e5 5. Nf3 Bg4 6. Be2 Bxf3 7. Bb5+ Nc6 8.
Bxc6+ bxc6 9. Qxf3 Qh4+ 10. g3 Qh3 11. d3 Be7 12. Nd2 Nf6 13. Qf1 Qg4 14. Nf3
Nd7 15. Qe2 O-O 16. Be3 c4 17. d4 exd4 18. cxd4 Qxe4 19. Rc1 Bb4+ 20. Kf2 Nb6
21. a3 Bd6 22. a4 Rae8 23. a5 Nd5 24. Rhe1 Bb4 25. Bd2 Qxe2+ 26. Rxe2 Bxd2 27.
Rxd2 f5 28. Rxc4 f4 29. Rc5 fxg3+ 30. hxg3 Nf6 31. Rxc6 Ne4+ 32. Kg2 Nxd2 33.
Nxd2 Re2+ 34. Kh3 Rxd2 35. b4 Rxd4 36. b5 Rb8 37. b6 axb6 38. axb6 Rb4 39. g4
R4xb6 40. Rc7 Rh6+ 0-1